[Event "Buenos Aires TB VI"]
[Site "Buenos Aires"]
[Date "1991.??.??"]
[Round "8"]
[White "Llanos, Guillermo"]
[Black "Rodriguez Vila, Andres"]
[Result "1/2-1/2"]
[WhiteElo "2385"]
[BlackElo "2320"]
[PlyCount "62"]
[EventDate "1991.??.??"]
[EventType "tourn"]
[EventRounds "11"]
[EventCountry "ARG"]
[EventCategory "3"]
[SourceTitle "EXT 2002"]
[Source "ChessBase"]
[SourceDate "2001.11.25"]
[SourceVersion "1"]
[SourceVersionDate "2001.11.25"]
[SourceQuality "1"]

1. Nf3 c5 2. c4 Nc6 3. d4 cxd4 4. Nxd4 g6 5. e4 Bg7 6. Be3 Nf6 7. Nc3 O-O 8.
Be2 b6 9. O-O Bb7 10. f3 Rc8 11. Rc1 e6 12. Ncb5 Qe7 13. Qa4 a6 14. Nxc6 dxc6
15. Nd4 Nd7 16. Qc2 c5 17. Nb3 f5 18. exf5 exf5 19. Bf2 Ne5 20. Rfe1 Rcd8 21.
Rcd1 Qf6 22. Nc1 Nc6 23. b3 Nb4 24. Qb1 Qb2 25. Qxb2 Bxb2 26. Nd3 Bc3 27. Nxb4
Bxe1 28. Bxe1 Rxd1 29. Bxd1 cxb4 30. Bxb4 Rc8 31. Kf2 Kf7 1/2-1/2

[Event "Capablanca Memorial-C"]
[Site "Cienfuegos"]
[Date "1991.??.??"]
[Round "1"]
[White "Gonzalez, JA."]
[Black "Rodriguez Vila, Andres"]
[Result "1/2-1/2"]
[WhiteElo "2320"]
[BlackElo "2315"]
[PlyCount "80"]
[EventDate "1991.??.??"]
[EventType "tourn"]
[EventRounds "13"]
[EventCountry "CUB"]
[SourceTitle "TD"]
[Source "ChessBase"]
[SourceDate "1994.03.01"]
[SourceVersion "1"]
[SourceVersionDate "1994.03.01"]
[SourceQuality "1"]

1. d4 e6 2. c4 Nf6 3. Nc3 Bb4 4. e3 b6 5. Bd3 Bb7 6. f3 d5 7. cxd5 exd5 8. Nge2
O-O 9. O-O Re8 10. a3 Bf8 11. g4 c5 12. Ng3 Nc6 13. Nce2 g6 14. g5 Nd7 15. f4
Bg7 16. Bb5 a6 17. Ba4 b5 18. Bb3 cxd4 19. f5 Nc5 20. f6 Nxb3 21. Qxb3 Bf8 22.
exd4 Qb6 23. Qd3 Ne5 24. Qd1 Bd6 25. b3 Nc6 26. Kg2 a5 27. Bf4 Bxf4 28. Rxf4 a4
29. b4 Re3 30. Qd2 Rae8 31. Rf3 Rxf3 32. Kxf3 Bc8 33. Rc1 h5 34. h4 Bg4+ 35.
Kg2 Nd8 36. Nf4 Ne6 37. Nxe6 Qxe6 38. Kf2 Qd6 39. Kg2 Kh7 40. Rf1 Qe6 1/2-1/2

[Event "Capablanca Memorial-C"]
[Site "Cienfuegos"]
[Date "1991.??.??"]
[Round "2"]
[White "Rodriguez Vila, Andres"]
[Black "Pazos Gambarrotti, Plinio"]
[Result "1-0"]
[WhiteElo "2315"]
[BlackElo "2330"]
[PlyCount "77"]
[EventDate "1991.??.??"]
[EventType "tourn"]
[EventRounds "13"]
[EventCountry "CUB"]
[SourceTitle "TD"]
[Source "ChessBase"]
[SourceDate "1994.03.01"]
[SourceVersion "1"]
[SourceVersionDate "1994.03.01"]
[SourceQuality "1"]

1. e4 c5 2. Nf3 Nc6 3. d4 cxd4 4. Nxd4 Nf6 5. Nc3 d6 6. Bc4 Bd7 7. Be3 g6 8. f3
Bg7 9. Qd2 O-O 10. O-O-O Rc8 11. Bb3 Ne5 12. h4 h5 13. Bg5 Rc5 14. g4 hxg4 15.
f4 Nc4 16. Qd3 b5 17. Bxf6 Bxf6 18. e5 Bg7 19. h5 e6 20. hxg6 f5 21. Ndxb5 d5
22. Bxc4 Rxc4 23. Qg3 Be8 24. Nd6 Rc6 25. Nxe8 Qxe8 26. Rh5 Qxg6 27. Rdh1 Rfc8
28. Qh4 Kf8 29. Rh2 a6 30. Rg5 Qf7 31. Qh7 Qg8 32. Qh4 Qf7 33. Qf2 R6c7 34. Qb6
Rc6 35. Qg1 R8c7 36. Kb1 Rb7 37. Ne2 Qe7 38. Qh1 Qf7 39. Rh8+ 1-0

[Event "Capablanca Memorial-C"]
[Site "Cienfuegos"]
[Date "1991.??.??"]
[Round "4"]
[White "Rodriguez Vila, Andres"]
[Black "Gomez Fontal, Felix Manuel"]
[Result "1/2-1/2"]
[WhiteElo "2315"]
[BlackElo "2365"]
[PlyCount "44"]
[EventDate "1991.??.??"]
[EventType "tourn"]
[EventRounds "13"]
[EventCountry "CUB"]
[SourceTitle "TD"]
[Source "ChessBase"]
[SourceDate "1994.03.01"]
[SourceVersion "1"]
[SourceVersionDate "1994.03.01"]
[SourceQuality "1"]

1. e4 e5 2. Nc3 Nf6 3. g3 Bc5 4. Bg2 d6 5. Nge2 Nc6 6. d3 Ng4 7. O-O h5 8. Na4
h4 9. Nxc5 hxg3 10. hxg3 dxc5 11. f3 Nf6 12. Kf2 Be6 13. Rh1 Ke7 14. Be3 b6 15.
Rxh8 Qxh8 16. c3 Rd8 17. Qa4 Qe8 18. Rd1 Kf8 19. Qc2 Rd6 20. b3 Qd7 21. Rd2 a5
22. Qd1 Nh7 1/2-1/2

[Event "Capablanca Memorial-C"]
[Site "Cienfuegos"]
[Date "1991.??.??"]
[Round "9"]
[White "Rivera, Alberto"]
[Black "Rodriguez Vila, Andres"]
[Result "1-0"]
[WhiteElo "2335"]
[BlackElo "2315"]
[PlyCount "95"]
[EventDate "1991.??.??"]
[EventType "tourn"]
[EventRounds "13"]
[EventCountry "CUB"]
[SourceTitle "TD"]
[Source "ChessBase"]
[SourceDate "1994.03.01"]
[SourceVersion "1"]
[SourceVersionDate "1994.03.01"]
[SourceQuality "1"]

1. d4 e6 2. c4 Nf6 3. Nf3 c5 4. d5 b5 5. Bg5 h6 6. Bh4 Bb7 7. dxe6 fxe6 8. cxb5
Be7 9. e3 O-O 10. Nc3 d5 11. Be2 Nbd7 12. O-O Qc7 13. Rc1 e5 14. Bg3 Bd6 15.
Nd2 Rad8 16. a4 Qb8 17. Bf3 Kh8 18. Re1 Bc7 19. e4 d4 20. Ncb1 a6 21. Nc4 axb5
22. axb5 Bc8 23. Nba3 Rfe8 24. Qd3 Nb6 25. Nxb6 Qxb6 26. Nc4 Qb8 27. Bd1 Qxb5
28. Nxe5 Qxd3 29. Nxd3 Ba5 30. b4 Bxb4 31. Nxb4 cxb4 32. f3 d3 33. Rb1 Ba6 34.
Ba4 Re7 35. Red1 Rf7 36. Rxb4 d2 37. Bf4 Nh5 38. Rxd2 Rc8 39. Rb8 Nxf4 40.
Rxc8+ Bxc8 41. Rd8+ Kh7 42. Rxc8 Ra7 43. Bb3 Rb7 44. Bg8+ Kg6 45. g3 Nh3+ 46.
Kg2 Ng5 47. g4 Rb2+ 48. Kg3 1-0

[Event "Capablanca Memorial-C"]
[Site "Cienfuegos"]
[Date "1991.??.??"]
[Round "10"]
[White "Rodriguez Vila, Andres"]
[Black "Gonzalez, JA."]
[Result "1-0"]
[WhiteElo "2315"]
[BlackElo "2320"]
[PlyCount "108"]
[EventDate "1991.??.??"]
[EventType "tourn"]
[EventRounds "13"]
[EventCountry "CUB"]
[SourceTitle "TD"]
[Source "ChessBase"]
[SourceDate "1994.03.01"]
[SourceVersion "1"]
[SourceVersionDate "1994.03.01"]
[SourceQuality "1"]

1. e4 g6 2. d4 Bg7 3. Be3 d6 4. Nc3 c6 5. Qd2 b5 6. f3 a6 7. Nge2 Nd7 8. h4 h5
9. Nf4 Ngf6 10. Nd1 Qc7 11. a4 Bb7 12. Nf2 e5 13. dxe5 Nxe5 14. Be2 Rd8 15. O-O
O-O 16. Qc1 Rfe8 17. N4d3 Nc4 18. Bg5 Rc8 19. c3 Nh7 20. Bf4 Qe7 21. Nb4 d5 22.
axb5 axb5 23. Bxc4 bxc4 24. Re1 d4 25. Rd1 Red8 26. Nc2 c5 27. Na3 Ra8 28. Nxc4
Qxh4 29. Rxa8 Rxa8 30. Nd6 Ba6 31. e5 Be2 32. Re1 d3 33. Qe3 Nf8 34. Bg5 Qg3
35. Bf4 Qh4 36. Bg5 Qg3 37. Bf4 Qh4 38. Qe4 Rb8 39. Nxf7 Ne6 40. g3 Qe7 41. Nd6
Ng5 42. Bxg5 Qxg5 43. Qd5+ Kh7 44. Nde4 Qe3 45. Qxc5 d2 46. Rb1 Qxc5 47. Nxc5
Bxf3 48. e6 Bxc3 49. Nd7 Rxb2 50. Rxb2 Bxb2 51. e7 Bd4 52. Kh2 Bxf2 53. e8=Q
Bd4 54. Qf7+ Bg7 1-0

[Event "Rio de Janeiro schev"]
[Site "Rio de Janeiro"]
[Date "1991.09.??"]
[Round "1"]
[White "Toth, Christian Endre"]
[Black "Rodriguez Vila, Andres"]
[Result "1/2-1/2"]
[WhiteElo "2305"]
[BlackElo "2320"]
[PlyCount "68"]
[EventDate "1991.??.??"]
[EventType "schev"]
[EventRounds "12"]
[EventCountry "BRA"]
[SourceTitle "EXT 2003"]
[Source "ChessBase"]
[SourceDate "2002.11.25"]
[SourceVersion "1"]
[SourceVersionDate "2002.11.25"]
[SourceQuality "1"]

1. d4 e6 2. c4 Nf6 3. Nc3 Bb4 4. Qc2 O-O 5. a3 Bxc3+ 6. Qxc3 b6 7. Bg5 Bb7 8.
e3 c5 9. dxc5 bxc5 10. f3 Nc6 11. Bd3 h6 12. Bh4 g5 13. Bf2 d5 14. Ne2 Rc8 15.
O-O Qe7 16. Rac1 Rfd8 17. Rfd1 dxc4 18. Bxc4 Rxd1+ 19. Rxd1 Nd5 20. Qc2 Ne5 21.
Ng3 Nf6 22. Be2 Qc7 23. e4 Nfd7 24. h4 f6 25. Qd2 Bc6 26. hxg5 hxg5 27. f4 Nf7
28. Nh5 gxf4 29. Nxf4 Ng5 30. Bc4 Qe5 31. Ng6 Qxe4 32. Ne7+ Kh8 33. Nxc6 Rg8
34. Kf1 Qxc4+ 1/2-1/2

[Event "Rio de Janeiro schev"]
[Site "Rio de Janeiro"]
[Date "1991.09.??"]
[Round "2"]
[White "Rodriguez Vila, Andres"]
[Black "Toth, Christian Endre"]
[Result "1/2-1/2"]
[WhiteElo "2320"]
[BlackElo "2305"]
[PlyCount "41"]
[EventDate "1991.??.??"]
[EventType "schev"]
[EventRounds "12"]
[EventCountry "BRA"]
[SourceTitle "EXT 2003"]
[Source "ChessBase"]
[SourceDate "2002.11.25"]
[SourceVersion "1"]
[SourceVersionDate "2002.11.25"]
[SourceQuality "1"]

1. e4 d6 2. d4 Nf6 3. Nc3 g6 4. Be2 Bg7 5. h4 c5 6. dxc5 Qa5 7. Bd2 Qxc5 8. h5
O-O 9. hxg6 hxg6 10. Be3 Qb4 11. Qd2 Nxe4 12. Nxe4 Qxe4 13. O-O-O Nc6 14. Nf3
Qb4 15. c3 Qa5 16. Bh6 Qxa2 17. Bxg7 Qa1+ 18. Kc2 Qa4+ 19. Kc1 Qa1+ 20. Kc2
Qa4+ 21. Kc1 1/2-1/2

[Event "Rio de Janeiro schev"]
[Site "Rio de Janeiro"]
[Date "1991.09.??"]
[Round "3"]
[White "Cunha, Eduardo Arruda da G"]
[Black "Rodriguez Vila, Andres"]
[Result "1/2-1/2"]
[WhiteElo "2320"]
[BlackElo "2320"]
[PlyCount "23"]
[EventDate "1991.??.??"]
[EventType "schev"]
[EventRounds "12"]
[EventCountry "BRA"]
[SourceTitle "EXT 2003"]
[Source "ChessBase"]
[SourceDate "2002.11.25"]
[SourceVersion "1"]
[SourceVersionDate "2002.11.25"]
[SourceQuality "1"]

1. e4 c5 2. Nf3 Nc6 3. d4 cxd4 4. Nxd4 Nf6 5. Nc3 d6 6. Bc4 g6 7. Be3 Bg7 8. f3
Bd7 9. Qd2 O-O 10. Bb3 Rc8 11. h4 b5 12. O-O-O 1/2-1/2

[Event "Rio de Janeiro schev"]
[Site "Rio de Janeiro"]
[Date "1991.09.??"]
[Round "4"]
[White "Toth, Peter"]
[Black "Rodriguez Vila, Andres"]
[Result "1/2-1/2"]
[WhiteElo "2240"]
[BlackElo "2320"]
[PlyCount "64"]
[EventDate "1991.??.??"]
[EventType "schev"]
[EventRounds "12"]
[EventCountry "BRA"]
[SourceTitle "EXT 2003"]
[Source "ChessBase"]
[SourceDate "2002.11.25"]
[SourceVersion "1"]
[SourceVersionDate "2002.11.25"]
[SourceQuality "1"]

1. d4 e6 2. g3 c5 3. Nf3 b6 4. Bg2 Bb7 5. O-O Nf6 6. c4 cxd4 7. Qxd4 Be7 8. Nc3
Nc6 9. Qf4 d6 10. Rd1 a6 11. b3 Qc7 12. Ba3 Rd8 13. Rac1 Qb8 14. e4 O-O 15. Qe3
Ba8 16. Qe2 Rfe8 17. h3 Bf8 18. Bb2 Rc8 19. Kh2 Rc7 20. e5 Nxe5 21. Nxe5 Bxg2
22. Kxg2 dxe5 23. Qxe5 Qb7+ 24. f3 Rd7 25. Rxd7 Nxd7 26. Qe2 f5 27. Rd1 Nf6 28.
Qd3 Be7 29. Ne2 Rd8 30. Qc2 Rxd1 31. Qxd1 Kf7 32. Nf4 Qd7 1/2-1/2

[Event "Rio de Janeiro schev"]
[Site "Rio de Janeiro"]
[Date "1991.09.??"]
[Round "5"]
[White "Rodriguez Vila, Andres"]
[Black "Toth, Peter"]
[Result "1-0"]
[WhiteElo "2320"]
[BlackElo "2240"]
[PlyCount "35"]
[EventDate "1991.??.??"]
[EventType "schev"]
[EventRounds "12"]
[EventCountry "BRA"]
[SourceTitle "EXT 2003"]
[Source "ChessBase"]
[SourceDate "2002.11.25"]
[SourceVersion "1"]
[SourceVersionDate "2002.11.25"]
[SourceQuality "1"]

1. e4 e5 2. Nc3 Bc5 3. g3 Qf6 4. Nf3 Ne7 5. Bg2 Nbc6 6. O-O Nd4 7. Nxd4 Bxd4 8.
Ne2 Bb6 9. c3 d6 10. d4 Nc6 11. Be3 Qg6 12. Qd3 f6 13. a4 a5 14. Rae1 O-O 15.
d5 Bxe3 16. dxc6 Bb6 17. Qd5+ Qf7 18. cxb7 1-0

[Event "Rio de Janeiro schev"]
[Site "Rio de Janeiro"]
[Date "1991.09.??"]
[Round "7"]
[White "Rodriguez Vila, Andres"]
[Black "Miranda, Marcio MC"]
[Result "1-0"]
[WhiteElo "2320"]
[BlackElo "2280"]
[PlyCount "103"]
[EventDate "1991.??.??"]
[EventType "schev"]
[EventRounds "12"]
[EventCountry "BRA"]
[SourceTitle "EXT 2003"]
[Source "ChessBase"]
[SourceDate "2002.11.25"]
[SourceVersion "1"]
[SourceVersionDate "2002.11.25"]
[SourceQuality "1"]

1. e4 g6 2. h4 h5 3. Nc3 c6 4. Bc4 d6 5. d4 Bg7 6. Nf3 Bg4 7. Qd3 Bxf3 8. Qxf3
e6 9. Bg5 Bf6 10. d5 cxd5 11. exd5 e5 12. Ne4 Be7 13. O-O-O f6 14. Be3 Nd7 15.
Qg3 Kf7 16. f4 Nh6 17. Qh3 Ng4 18. Bb5 f5 19. Bxd7 Qxd7 20. fxe5 Nxe5 21. Rhf1
Rac8 22. Bd4 Rc4 23. b3 Rxd4 24. Rxd4 Kg7 25. Ng5 Bxg5+ 26. hxg5 b5 27. Re1 Re8
28. Kb1 Qc7 29. Qg3 a6 30. Rd3 Rc8 31. Rd2 Rf8 32. Qe3 Kh7 33. Qd4 Rc8 34. Re3
Qe7 35. Rde2 Qxg5 36. Qa7+ Kh6 37. Qxa6 Qd8 38. Qxb5 Nc4 39. Qa6 Nxe3 40. Rxe3
Ra8 41. Qd3 Qa5 42. a4 Qb4 43. Re6 Qf4 44. g3 Qf2 45. Rxd6 Re8 46. Qc3 h4 47.
gxh4 Qxh4 48. Re6 Rd8 49. Re3 Qh1+ 50. Kb2 Qxd5 51. Rd3 Qg8 52. Qd2+ 1-0

[Event "Rio de Janeiro schev"]
[Site "Rio de Janeiro"]
[Date "1991.09.??"]
[Round "8"]
[White "Rodriguez Vila, Andres"]
[Black "Cunha, Eduardo Arruda da G"]
[Result "0-1"]
[WhiteElo "2320"]
[BlackElo "2320"]
[PlyCount "70"]
[EventDate "1991.??.??"]
[EventType "schev"]
[EventRounds "12"]
[EventCountry "BRA"]
[SourceTitle "EXT 2003"]
[Source "ChessBase"]
[SourceDate "2002.11.25"]
[SourceVersion "1"]
[SourceVersionDate "2002.11.25"]
[SourceQuality "1"]

1. e4 c5 2. Nf3 d6 3. d4 cxd4 4. Nxd4 Nf6 5. Nc3 a6 6. Bg5 e6 7. f4 Be7 8. Qf3
Qc7 9. O-O-O Nbd7 10. g4 b5 11. Bxf6 Nxf6 12. g5 Nd7 13. h4 Nc5 14. f5 b4 15.
Nce2 e5 16. Nb3 Nxe4 17. Qxe4 Bb7 18. Rd5 Rc8 19. Na1 Qc4 20. Qxc4 Rxc4 21. Bg2
Bxd5 22. Bxd5 Rxh4 23. Bc6+ Kf8 24. Rg1 Rh2 25. Bf3 e4 26. Bg4 Bxg5+ 27. Kd1
Be3 28. Re1 h5 29. Ng3 Rd2+ 30. Kc1 Re2+ 31. Kd1 Rxe1+ 32. Kxe1 hxg4 33. Ke2
Bf4 34. Nxe4 Rh2+ 35. Kd3 g3 0-1

[Event "Rio de Janeiro schev"]
[Site "Rio de Janeiro"]
[Date "1991.09.??"]
[Round "9"]
[White "Mascarenhas, Alberto Pinheiro"]
[Black "Rodriguez Vila, Andres"]
[Result "1-0"]
[WhiteElo "2280"]
[BlackElo "2320"]
[PlyCount "55"]
[EventDate "1991.??.??"]
[EventType "schev"]
[EventRounds "12"]
[EventCountry "BRA"]
[SourceTitle "EXT 2003"]
[Source "ChessBase"]
[SourceDate "2002.11.25"]
[SourceVersion "1"]
[SourceVersionDate "2002.11.25"]
[SourceQuality "1"]

1. Nf3 e6 2. c4 Nf6 3. g3 d5 4. Bg2 c5 5. O-O Nc6 6. cxd5 exd5 7. d4 cxd4 8.
Nxd4 Bc5 9. Nb3 Be7 10. Nc3 Be6 11. Bg5 O-O 12. Rc1 Rc8 13. Nd4 Qa5 14. Nxe6
fxe6 15. Bh3 Kf7 16. e4 d4 17. Qb3 Qxg5 18. Qxe6+ Kg6 19. Bf5+ Kh6 20. f4 Qh5
21. g4 Qh4 22. g5+ Kh5 23. Ne2 Nxe4 24. Qxe4 Bxg5 25. Ng3+ Kh6 26. fxg5+ Qxg5
27. Bxc8 Rxc8 28. Qe6+ 1-0

[Event "Rio de Janeiro schev"]
[Site "Rio de Janeiro"]
[Date "1991.09.??"]
[Round "10"]
[White "Teixeira, Ricardo da Silva"]
[Black "Rodriguez Vila, Andres"]
[Result "0-1"]
[WhiteElo "2370"]
[BlackElo "2320"]
[PlyCount "54"]
[EventDate "1991.??.??"]
[EventType "schev"]
[EventRounds "12"]
[EventCountry "BRA"]
[SourceTitle "EXT 2003"]
[Source "ChessBase"]
[SourceDate "2002.11.25"]
[SourceVersion "1"]
[SourceVersionDate "2002.11.25"]
[SourceQuality "1"]

1. Nf3 c5 2. c4 Nc6 3. Nc3 Nf6 4. e3 d5 5. cxd5 Nxd5 6. Bb5 e6 7. Ne5 Bd7 8.
Nxc6 Bxc6 9. Bxc6+ bxc6 10. Qa4 Qd7 11. O-O Be7 12. b3 Nb4 13. Ba3 O-O 14. Rad1
Qd3 15. Qa5 Rfb8 16. Bxb4 cxb4 17. Nb1 c5 18. Qc7 Bd6 19. Qc6 a5 20. Qf3 a4 21.
e4 Qxf3 22. gxf3 axb3 23. axb3 Be5 24. Rc1 Bd4 25. Rc2 Ra1 26. d3 Rba8 27. Rd1
R8a3 0-1

[Event "Rio de Janeiro schev"]
[Site "Rio de Janeiro"]
[Date "1991.09.??"]
[Round "11"]
[White "Rodriguez Vila, Andres"]
[Black "Teixeira, Ricardo da Silva"]
[Result "1-0"]
[WhiteElo "2320"]
[BlackElo "2370"]
[PlyCount "63"]
[EventDate "1991.??.??"]
[EventType "schev"]
[EventRounds "12"]
[EventCountry "BRA"]
[SourceTitle "EXT 2003"]
[Source "ChessBase"]
[SourceDate "2002.11.25"]
[SourceVersion "1"]
[SourceVersionDate "2002.11.25"]
[SourceQuality "1"]

1. e4 c5 2. Nf3 Nc6 3. d4 cxd4 4. Nxd4 Nf6 5. Nc3 d6 6. g3 Bg4 7. f3 Bd7 8. Be3
e6 9. g4 Nxd4 10. Qxd4 Bc6 11. O-O-O a6 12. g5 Nd7 13. h4 Qa5 14. Kb1 b5 15.
Bh3 b4 16. Ne2 Ne5 17. f4 Nf3 18. Qd3 d5 19. exd5 Bxd5 20. c4 bxc3 21. Nxc3 Bc6
22. Qc4 Qc7 23. Bxe6 fxe6 24. Qxe6+ Be7 25. Nd5 Qb7 26. Bc5 Bxd5 27. Rxd5 Rb8
28. b3 Rd8 29. Rxd8+ Kxd8 30. Rd1+ Ke8 31. g6 hxg6 32. Qxg6+ 1-0

[Event "Rio de Janeiro schev"]
[Site "Rio de Janeiro"]
[Date "1991.09.??"]
[Round "12"]
[White "Rodriguez Vila, Andres"]
[Black "Mascarenhas, Alberto Pinheiro"]
[Result "1/2-1/2"]
[WhiteElo "2320"]
[BlackElo "2280"]
[PlyCount "41"]
[EventDate "1991.??.??"]
[EventType "schev"]
[EventRounds "12"]
[EventCountry "BRA"]
[SourceTitle "EXT 2003"]
[Source "ChessBase"]
[SourceDate "2002.11.25"]
[SourceVersion "1"]
[SourceVersionDate "2002.11.25"]
[SourceQuality "1"]

1. e4 e6 2. d4 d5 3. Nd2 dxe4 4. Nxe4 Bd7 5. c4 Bc6 6. Nc3 Nf6 7. Nf3 Bxf3 8.
Qxf3 Nc6 9. Be3 Bb4 10. Rd1 O-O 11. Bd3 Qe7 12. O-O e5 13. Ne4 Nxd4 14. Bxd4
exd4 15. a3 Bd6 16. Rfe1 Rfe8 17. Qf5 Nxe4 18. Rxe4 g6 19. Qb5 Qd8 20. Qxb7 c5
21. Rde1 1/2-1/2

[Event "URU-ch"]
[Site "Uruguay"]
[Date "1991.??.??"]
[Round "?"]
[White "Bauza, Alejandro"]
[Black "Rodriguez Vila, Andres"]
[Result "1-0"]
[WhiteElo "2255"]
[BlackElo "2320"]
[PlyCount "111"]
[EventDate "1991.??.??"]
[EventType "tourn"]
[EventRounds "13"]
[EventCountry "URU"]
[SourceTitle "EXT 2002"]
[Source "ChessBase"]
[SourceDate "2001.11.25"]
[SourceVersion "1"]
[SourceVersionDate "2001.11.25"]
[SourceQuality "1"]

1. Nf3 d5 2. g3 Bg4 3. Bg2 f6 4. c4 c6 5. cxd5 Qxd5 6. Nc3 Qd7 7. h3 Bh5 8. d4
e6 9. O-O Na6 10. e4 Bd6 11. d5 e5 12. dxc6 bxc6 13. Qe2 Qb7 14. Rd1 Rd8 15.
Be3 Ne7 16. a3 O-O 17. b4 Nc7 18. Rac1 Ne6 19. Na4 Kh8 20. g4 Bf7 21. Nc5 Bxc5
22. bxc5 Ng6 23. Bf1 Nc7 24. Qe1 Ne6 25. Qa5 Qa8 26. Rd6 h5 27. Kh2 hxg4 28.
hxg4 Nef4 29. Ba6 Be6 30. Kg3 Rxd6 31. cxd6 c5 32. Qxc5 Qxe4 33. Qb4 Qa8 34.
Qb7 Qd8 35. Qc7 Qa8 36. Bc4 f5 37. Bxf4 exf4+ 38. Kh2 fxg4 39. Ng5 g3+ 40. Kg1
gxf2+ 41. Kxf2 Bxc4 42. Qxc4 Ne5 43. Qe2 Qe8 44. Rc8 Nd3+ 45. Qxd3 Qe3+ 46.
Qxe3 fxe3+ 47. Kxe3 Rxc8 48. d7 Rb8 49. d8=Q+ Rxd8 50. Nf7+ Kh7 51. Nxd8 Kg6
52. Nc6 a6 53. Nb4 a5 54. a4 Kf5 55. Nc6 Kg4 56. Nxa5 1-0

[Event "URU-ch"]
[Site "Uruguay"]
[Date "1991.??.??"]
[Round "?"]
[White "Escofet Fernandez, Jaime"]
[Black "Rodriguez Vila, Andres"]
[Result "1-0"]
[WhiteElo "2205"]
[BlackElo "2320"]
[PlyCount "53"]
[EventDate "1991.??.??"]
[EventType "tourn"]
[EventRounds "13"]
[EventCountry "URU"]
[SourceTitle "EXT 2002"]
[Source "ChessBase"]
[SourceDate "2001.11.25"]
[SourceVersion "1"]
[SourceVersionDate "2001.11.25"]
[SourceQuality "1"]

1. b3 e5 2. Bb2 f6 3. e4 Nc6 4. Nf3 d6 5. d4 exd4 6. Nxd4 Nxd4 7. Qxd4 Be6 8.
Nc3 c6 9. Bc4 Bxc4 10. Qxc4 Qc7 11. O-O O-O-O 12. a4 Nh6 13. Qe2 Nf7 14. a5 h5
15. Qe3 Kb8 16. Ne2 Ne5 17. Bd4 c5 18. Bxe5 dxe5 19. c4 g6 20. Nc3 Bd6 21. a6
b6 22. Rfd1 f5 23. Rd3 f4 24. Qd2 Be7 25. Nd5 Qd7 26. Rd1 f3 27. Nxe7 1-0

[Event "URU-ch"]
[Site "Uruguay"]
[Date "1991.??.??"]
[Round "?"]
[White "Izquierdo, Daniel"]
[Black "Rodriguez Vila, Andres"]
[Result "1-0"]
[WhiteElo "2295"]
[BlackElo "2320"]
[PlyCount "115"]
[EventDate "1991.??.??"]
[EventType "tourn"]
[EventRounds "13"]
[EventCountry "URU"]
[SourceTitle "EXT 2002"]
[Source "ChessBase"]
[SourceDate "2001.11.25"]
[SourceVersion "1"]
[SourceVersionDate "2001.11.25"]
[SourceQuality "1"]

1. d4 f5 2. c4 Nf6 3. Nf3 g6 4. g3 Bg7 5. Bg2 O-O 6. O-O d6 7. d5 c6 8. Nc3 h6
9. Rb1 c5 10. a3 Nbd7 11. b4 Ng4 12. Qc2 b6 13. Nh4 Qe8 14. Nb5 Rb8 15. h3 Nde5
16. Nc7 Qf7 17. hxg4 Nxg4 18. Ne6 g5 19. Qxf5 Qxf5 20. Nxf5 Rxf5 21. Bh3 h5 22.
f3 Bxe6 23. dxe6 Bd4+ 24. Kg2 Re8 25. e4 Rf6 26. Bxg5 Ne3+ 27. Bxe3 Bxe3 28.
Bf5 cxb4 29. axb4 Rc8 30. Ra1 b5 31. cxb5 Rc2+ 32. Kh3 Rf8 33. Rfe1 Bb6 34.
Rac1 Rfc8 35. Rxc2 Rxc2 36. e5 Rd2 37. exd6 Rxd6 38. Kh4 Rd5 39. Bg6 Rxb5 40.
Re4 Bf2 41. Bxh5 Bxg3+ 42. Kxg3 Rxh5 43. Rg4+ Kh7 44. Rf4 Rg5+ 45. Kf2 Rg6 46.
Rf7+ Rg7 47. Ke3 Rxf7 48. exf7 Kg7 49. Ke4 Kxf7 50. Kd5 Kf6 51. b5 e5 52. Kc6
Kf5 53. Kb7 Kf4 54. Kxa7 Kxf3 55. b6 e4 56. b7 e3 57. b8=Q e2 58. Qf8+ 1-0

[Event "URU-ch"]
[Site "Uruguay"]
[Date "1991.??.??"]
[Round "?"]
[White "Rodriguez Vila, Andres"]
[Black "Curi, Gabriel"]
[Result "0-1"]
[WhiteElo "2320"]
[BlackElo "2225"]
[PlyCount "84"]
[EventDate "1991.??.??"]
[EventType "tourn"]
[EventRounds "13"]
[EventCountry "URU"]
[SourceTitle "EXT 2002"]
[Source "ChessBase"]
[SourceDate "2001.11.25"]
[SourceVersion "1"]
[SourceVersionDate "2001.11.25"]
[SourceQuality "1"]

1. e4 e6 2. d3 c5 3. g3 g6 4. Bg2 Bg7 5. Nc3 Nc6 6. Nge2 d6 7. O-O Nge7 8. f4
O-O 9. h3 Rb8 10. g4 f5 11. Ng3 Nd4 12. Nce2 b5 13. c3 Nxe2+ 14. Qxe2 Rf7 15.
Be3 b4 16. c4 Bb7 17. Rad1 Nc6 18. Kh2 Re7 19. Qd2 Qe8 20. Rde1 Qd7 21. Rg1 Nd4
22. Rgf1 Rf8 23. Rf2 Qa4 24. Bxd4 Bxd4 25. Rfe2 fxg4 26. hxg4 Qxa2 27. Rf1 Qb3
28. g5 a5 29. Bh3 Rfe8 30. Qd1 Qxd1 31. Rxd1 Bc6 32. Bg2 Rf8 33. Rf1 Ref7 34.
f5 Be5 35. f6 h6 36. Kh3 hxg5 37. Kg4 Rh7 38. Rh1 Rxh1 39. Bxh1 Rxf6 40. Bg2
Kg7 41. Nf1 Kh6 42. Bh1 Rxf1 0-1

[Event "URU-ch"]
[Site "Uruguay"]
[Date "1991.??.??"]
[Round "?"]
[White "Rodriguez Vila, Andres"]
[Black "Perchman, Daniel"]
[Result "0-1"]
[WhiteElo "2320"]
[BlackElo "2210"]
[PlyCount "100"]
[EventDate "1991.??.??"]
[EventType "tourn"]
[EventRounds "13"]
[EventCountry "URU"]
[SourceTitle "EXT 2002"]
[Source "ChessBase"]
[SourceDate "2001.11.25"]
[SourceVersion "1"]
[SourceVersionDate "2001.11.25"]
[SourceQuality "1"]

1. e4 c5 2. Nc3 Nc6 3. g3 g6 4. Bg2 Bg7 5. Nge2 e6 6. O-O Nge7 7. d3 O-O 8. Be3
d6 9. Qd2 Nd4 10. Bxd4 cxd4 11. Nd1 d5 12. f4 dxe4 13. dxe4 e5 14. Nf2 Qb6 15.
Nd3 exf4 16. gxf4 Be6 17. Ng3 f5 18. Rae1 fxe4 19. Bxe4 Bd5 20. Bh1 Bxh1 21.
Rxe7 Bf6 22. Ree1 Bc6 23. Re6 Qd8 24. Nb4 Bd7 25. Rd6 Qe7 26. Rd5 a5 27. Nd3
Bc6 28. Re1 Qc7 29. Rc5 b6 30. Rc4 b5 31. Rc5 Qd7 32. Ne5 Bxe5 33. Rcxe5 Rf7
34. f5 gxf5 35. Nh5 Kh8 36. Qh6 Rg8+ 37. Kf1 Bg2+ 38. Kf2 Qb7 39. Qf4 Bh3 40.
R1e2 d3 41. cxd3 Qc6 42. Ng3 Rc7 43. Kg1 Qc1+ 44. Qxc1 Rxc1+ 45. Kf2 f4 46. Re1
fxg3+ 47. hxg3 Rf8+ 48. Kg1 Rxe1+ 49. Rxe1 Rc8 50. Re5 Bd7 0-1